000 00436nam a2200181Ia 4500
001 21427
005 20260306172918.0
008 260306t1995||||xx |||||||||||||| ||spa||
041 _aESP
082 _a345
_bH35
100 _aHegland, Kenney F.
_eAUT
245 0 _aManual de prácticas y tecnicas procesales
260 _c1995
300 _a254 páginas :
_c23 cm.
650 _aGEN
654 _aCDE
942 _cLIB
_dJUS
_fJUS
_2ddc
_n
999 _c21427
_d21427